[Event "Ct. Lleida indiv. Absolut A"]
[Site "?"]
[Date "2011.11.27"]
[Round "8.2"]
[White "Ramon Solans, A."]
[Black "Trepat Herranz, J."]
[Result "1/2-1/2"]
[WhiteElo "2280"]
[BlackElo "2348"]
[PlyCount "66"]
[EventDate "2011.??.??"]
[EventType "swiss"]

1. d4 Nf6 2. Nf3 g6 3. Bg5 Bg7 4. Nbd2 d5 5. e3 O-O 6. Bd3 c5 7. c3 b6 8. O-O
Nc6 9. Qe2 Bb7 10. Bxf6 Bxf6 11. Ba6 Qc8 12. Bxb7 Qxb7 13. e4 e6 14. e5 Bg7 15.
Rfd1 cxd4 16. cxd4 Rfc8 17. Rac1 Rc7 18. Rc3 Rac8 19. Rdc1 Na5 20. Qd3 Rc6 21.
Kf1 R8c7 22. b4 Rxc3 23. Rxc3 Rxc3 24. Qxc3 Qc6 25. Qxc6 Nxc6 26. a3 f6 27.
exf6 Bxf6 28. Nb3 a6 29. Ke2 Na7 30. Kd3 Kf7 31. Nfd2 Be7 32. Nf3 Bf6 33. Nfd2
Be7 1/2-1/2

[Event "Ct. Lleida indiv. Absolut A"]
[Site "?"]
[Date "2011.11.27"]
[Round "8.3"]
[White "Llavall Sans, D."]
[Black "Campos Olaya, I."]
[Result "1-0"]
[WhiteElo "2049"]
[BlackElo "2173"]
[PlyCount "145"]
[EventDate "2011.??.??"]
[EventType "swiss"]

1. d4 Nf6 2. Nf3 d5 3. c4 c6 4. e3 e6 5. Nc3 Be7 6. Qc2 O-O 7. Bd3 c5 8. cxd5
exd5 9. h3 Nc6 10. a3 c4 11. Be2 g6 12. O-O Bf5 13. Qd1 Na5 14. Nd2 Rc8 15. g4
Be6 16. Bf3 Ne8 17. b3 cxb3 18. Ne2 Qb6 19. Rb1 Bd6 20. Nxb3 Nc4 21. Nd2 Nxd2
22. Bxd2 Qa6 23. Bb4 b6 24. Qb3 Qb7 25. Nf4 g5 26. Bxd5 Bxd5 27. Qxd5 Qe7 28.
Nh5 h6 29. Qf5 Qe6 30. Qxe6 fxe6 31. Rfc1 Rd8 32. Rc6 Rf7 33. Rbc1 Rc7 34. Rxc7
Bxc7 35. Nf6+ Nxf6 36. Rxc7 Rd7 37. Rc8+ Kf7 38. Kg2 h5 39. f3 hxg4 40. hxg4
Nd5 41. Bd2 Ne7 42. Rc2 Ng6 43. Be1 e5 44. dxe5 Nxe5 45. Bg3 Ke6 46. Bxe5 Kxe5
47. Rc3 a5 48. Rb3 Rd6 49. Rb5+ Kf6 50. Kg3 Re6 51. Kf2 Rc6 52. Ke2 Rd6 53. f4
gxf4 54. exf4 Rc6 55. Kd3 Rd6+ 56. Ke4 Kf7 57. g5 Kg6 58. Ke5 Rd3 59. Rxb6+ Kf7
60. a4 Ra3 61. f5 Re3+ 62. Kf4 Ra3 63. Rb7+ Kf8 64. Ke5 Rc3 65. f6 Rg3 66. Ke6
Re3+ 67. Kf5 Re8 68. Ra7 Rc8 69. Rxa5 Rd8 70. Ra7 Rc8 71. Kg6 Kg8 72. Rg7+ Kf8
73. Rh7 1-0

[Event "Ct. Lleida indiv. Absolut A"]
[Site "?"]
[Date "2011.11.27"]
[Round "8.4"]
[White "Pera Lucas, E."]
[Black "Vallverdu Miret, O."]
[Result "0-1"]
[WhiteElo "1983"]
[BlackElo "2076"]
[PlyCount "42"]
[EventDate "2011.??.??"]
[EventType "swiss"]

1. e4 d5 2. exd5 Qxd5 3. Nc3 Qa5 4. d4 Nf6 5. Nf3 Bf5 6. Bd2 c6 7. Bc4 e6 8.
Nd5 Qd8 9. Ne3 Bg6 10. Qe2 Be7 11. O-O-O b5 12. Bd3 Bxd3 13. Qxd3 a6 14. g4 Nd5
15. Nxd5 cxd5 16. h4 Nc6 17. Kb1 Qc7 18. Rde1 Bb4 19. c3 Be7 20. Ng5 h6 21.
Rxe6 hxg5 0-1

[Event "Ct. Lleida indiv. Absolut A"]
[Site "?"]
[Date "2011.11.27"]
[Round "8.5"]
[White "Ortiz Navarro, MA."]
[Black "Gutierrez Martos, FE."]
[Result "1/2-1/2"]
[WhiteElo "2007"]
[BlackElo "2072"]
[PlyCount "93"]
[EventDate "2011.??.??"]
[EventType "swiss"]

1. d4 e6 2. c4 Nf6 3. Nc3 d5 4. cxd5 exd5 5. Bg5 Be7 6. Qc2 Nc6 7. e3 O-O 8. a3
Re8 9. Bd3 h6 10. Bh4 Be6 11. Nge2 Rc8 12. b4 Nb8 13. O-O g5 14. Bg3 Nh5 15.
Rad1 Nd7 16. Bf5 Nf8 17. f3 Qd7 18. Bxe6 Qxe6 19. e4 c6 20. e5 f5 21. Bf2 Nd7
22. Na4 Nb6 23. Nxb6 axb6 24. Qb3 b5 25. Ra1 Ng7 26. a4 Red8 27. Rfc1 f4 28.
axb5 cxb5 29. Rxc8 Rxc8 30. Rc1 Rc4 31. Rxc4 bxc4 32. Qa4 Qc6 33. b5 Qd7 34.
Nc3 Ne6 35. Qa5 g4 36. b6 gxf3 37. Qxd5 Qxd5 38. Nxd5 Bd8 39. gxf3 Bxb6 40.
Nxb6 c3 41. Be1 Nxd4 42. Kg2 c2 43. Bd2 Ne2 44. Kh3 Kf7 45. Nd5 c1=Q 46. Bxc1
Nxc1 47. Nxf4 1/2-1/2

[Event "Ct. Lleida indiv. Absolut A"]
[Site "?"]
[Date "2011.11.27"]
[Round "8.6"]
[White "Monfa Sole, R."]
[Black "Gensana Berzunces, J."]
[Result "0-1"]
[WhiteElo "2040"]
[BlackElo "1997"]
[PlyCount "198"]
[EventDate "2011.??.??"]
[EventType "swiss"]

1. d3 d6 2. a3 a6 3. e4 c5 4. f4 Nc6 5. Nf3 g6 6. Be3 Bg7 7. c3 Nf6 8. Be2 O-O
9. O-O Ng4 10. Bc1 b6 11. h3 Nf6 12. g4 e5 13. f5 gxf5 14. exf5 e4 15. dxe4
Nxe4 16. Qd5 Ng3 17. Re1 Nxe2+ 18. Rxe2 Bb7 19. Bg5 Nd4 20. Qxb7 Nxf3+ 21. Qxf3
Qxg5 22. Nd2 Be5 23. Nc4 b5 24. Nxe5 dxe5 25. Rxe5 Rad8 26. Rae1 c4 27. f6 Qh4
28. R1e2 Rd3 29. R2e3 Qe1+ 30. Qf1 Rxe3 31. Qxe1 Rxe1+ 32. Rxe1 Rd8 33. h4 h6
34. Re2 Rd6 35. Rf2 Kh7 36. h5 Rd3 37. Kg2 Kg8 38. Kf1 Re3 39. Rf4 Kf8 40. Kf2
Rh3 41. Ke2 Rh2+ 42. Rf2 Rh3 43. Rg2 Ke8 44. Rf2 Kd7 45. Rf3 Rh2+ 46. Ke3 Ke6
47. Kd4 Rxb2 48. Kc5 Rd2 49. Kb6 Rd3 50. Rf5 Rxc3 51. Kxa6 Rxa3+ 52. Kxb5 Rg3
53. Rf4 c3 54. Kc4 c2 55. Rf1 Rxg4+ 56. Kd3 Rg2 57. Kc3 Rh2 58. Kb2 Rxh5 59.
Kxc2 Rf5 60. Rh1 h5 61. Kd3 Kxf6 62. Ke4 Rg5 63. Kf4 Rg4+ 64. Kf3 Kg5 65. Ra1
h4 66. Ra5+ f5 67. Ra8 Rg3+ 68. Kf2 Rb3 69. Kg2 Rb2+ 70. Kf3 Rb3+ 71. Kg2 h3+
72. Kh2 Re3 73. Ra4 f4 74. Ra8 Rg3 75. Rg8+ Kh4 76. Rh8+ Kg4 77. Rg8+ Kf3 78.
Ra8 Ke4 79. Ra4+ Kf5 80. Ra5+ Kg4 81. Ra8 Rg2+ 82. Kh1 Rb2 83. Rg8+ Kf3 84. Rh8
Kg3 85. Rg8+ Kf2 86. Re8 f3 87. Re7 Kf1 88. Re3 f2 89. Re7 Re2 90. Rb7 Rd2 91.
Re7 Rd6 92. Re3 Rg6 93. Kh2 Rd6 94. Re7 Rd2 95. Kh1 Re2 96. Ra7 Ke1 97. Ra1+
Kd2 98. Ra2+ Kd3 99. Ra3+ Kc4 0-1

[Event "Ct. Lleida indiv. Absolut A"]
[Site "?"]
[Date "2011.11.27"]
[Round "8.7"]
[White "Perez Cabas, J."]
[Black "Palau Cabases, A."]
[Result "1-0"]
[WhiteElo "1964"]
[BlackElo "1899"]
[PlyCount "97"]
[EventDate "2011.??.??"]
[EventType "swiss"]

1. e4 e5 2. Nf3 Nc6 3. Bb5 a6 4. Ba4 Nf6 5. d3 Bc5 6. O-O O-O 7. Bxc6 dxc6 8.
Nxe5 Re8 9. Nf3 Bg4 10. Nbd2 h6 11. Re1 Qd7 12. Nf1 Rad8 13. Be3 Bb4 14. Bd2
Bc5 15. Bc3 Qc8 16. Bxf6 gxf6 17. Ne3 Rxe4 18. Nxg4 Rxg4 19. h3 Rg7 20. Kf1 Kh7
21. Nh4 Rdg8 22. d4 Bd6 23. Qf3 f5 24. c4 Rg5 25. c5 Bf8 26. Re5 Qd8 27. Nxf5
Bg7 28. Re7 Qd5 29. Qxd5 cxd5 30. g4 h5 31. f3 hxg4 32. hxg4 Rxf5 33. gxf5 Bxd4
34. Rxf7+ Rg7 35. Rxg7+ Kxg7 36. Rd1 Bxb2 37. Rxd5 Kf6 38. Ke2 Ba3 39. Rd7 Bxc5
40. Rxc7 b6 41. Kd3 Kxf5 42. Rxc5+ bxc5 43. Kc4 Kf4 44. Kxc5 a5 45. Kb5 a4 46.
Kxa4 Kxf3 47. Kb5 Ke4 48. a4 Kd5 49. a5 1-0

[Event "Ct. Lleida indiv. Absolut A"]
[Site "?"]
[Date "2011.11.27"]
[Round "8.8"]
[White "Reves Areste, J."]
[Black "Parramon Guillaumet, J."]
[Result "1/2-1/2"]
[WhiteElo "1916"]
[BlackElo "1905"]
[PlyCount "70"]
[EventDate "2011.??.??"]
[EventType "swiss"]

1. d4 Nf6 2. Nf3 e6 3. c4 c5 4. e3 cxd4 5. exd4 d5 6. Nc3 Bb4 7. a3 Bxc3+ 8.
bxc3 Ne4 9. Qc2 Qa5 10. Bb2 Nc6 11. Bd3 f5 12. O-O O-O 13. cxd5 exd5 14. c4 Be6
15. Bxe4 fxe4 16. Ng5 Bf5 17. Qb3 Qd8 18. cxd5 Na5 19. Qg3 Qxd5 20. Nh3 Bxh3
21. Qxh3 Nb3 22. Rad1 Rac8 23. Qe3 Rc2 24. Ba1 Rfc8 25. f3 exf3 26. Rxf3 Nxa1
27. Rxa1 R2c3 28. Qe5 Qxe5 29. dxe5 Rxf3 30. gxf3 Rc3 31. Kf2 Kf7 32. Rd1 Ke7
33. a4 Rc4 34. a5 Rc5 35. Rb1 Rxe5 {irreproduible} 1/2-1/2

[Event "Ct. Lleida indiv. Absolut A"]
[Site "?"]
[Date "2011.11.27"]
[Round "8.9"]
[White "Palacios Exposito, P."]
[Black "Degracia Burgues, JA."]
[Result "1-0"]
[WhiteElo "1876"]
[BlackElo "1915"]
[PlyCount "94"]
[EventDate "2011.??.??"]
[EventType "swiss"]

1. e4 e5 2. Nf3 Nf6 3. Nxe5 d6 4. Nf3 Nxe4 5. d4 Be7 6. c4 O-O 7. Bd3 Nf6 8.
Nc3 Nc6 9. h3 Re8 10. O-O b6 11. Re1 Bb7 12. d5 Nb8 13. Bg5 Nbd7 14. Bc2 g6 15.
Qd4 Nh5 16. Bh6 Bf6 17. Qd2 Ne5 18. Nxe5 Bxe5 19. g4 Qh4 20. Kg2 f6 21. gxh5
Bc8 22. Qe3 Qxh5 23. f4 Qxh6 24. fxe5 Qxe3 25. Rxe3 fxe5 26. Ne4 Kg7 27. Rf1
Bf5 28. Rf2 h6 29. Ng3 Bxc2 30. Rxc2 Rf8 31. Rf2 Rf4 32. b3 Raf8 33. Ref3 Rxf3
34. Rxf3 Rf4 35. Rxf4 exf4 36. Ne4 g5 37. Kf3 Kg6 38. Nc3 Kf5 39. Nb5 h5 40.
Nxc7 g4+ 41. hxg4+ hxg4+ 42. Kf2 Ke4 43. Nb5 f3 44. Nxd6+ Kf4 45. b4 g3+ 46.
Kf1 Ke3 47. Nf5+ Kf4 1-0

[Event "Ct. Lleida indiv. Absolut A"]
[Site "?"]
[Date "2011.11.27"]
[Round "8.10"]
[White "Sanuy Moncasi, A."]
[Black "Alba Tarradelles, J."]
[Result "0-1"]
[WhiteElo "1978"]
[BlackElo "1888"]
[PlyCount "158"]
[EventDate "2011.??.??"]
[EventType "swiss"]

1. d4 d5 2. Nf3 Nf6 3. Bg5 e6 4. e3 b6 5. Nbd2 Ba6 6. c4 dxc4 7. Nxc4 Bb4+ 8.
Ncd2 Bxf1 9. Kxf1 Be7 10. Ne5 Qd5 11. Qe2 Nbd7 12. Nxd7 Qxd7 13. Bxf6 gxf6 14.
g3 Qd5 15. Qf3 O-O-O 16. Qxd5 Rxd5 17. Ke2 c5 18. Rac1 Kb7 19. Nf3 Rhd8 20. Rc2
e5 21. e4 R5d6 22. dxc5 Rc6 23. Rhc1 Rxc5 24. Rxc5 Bxc5 25. Nh4 Bd4 26. b3 Rd7
27. Nf5 Bc5 28. f3 a5 29. Nh6 Bf8 30. Ng4 Be7 31. Ne3 Bd8 32. Nd5 f5 33. Rf1
Ka6 34. Rc1 fxe4 35. fxe4 Kb7 36. Rf1 Kc6 37. Rf5 Kd6 38. Rh5 f5 39. Rxf5 Rg7
40. Kf3 b5 41. Rh5 Bg5 42. h4 Bc1 43. Rf5 Bb2 44. g4 Kc5 45. g5 Kd4 46. Rf6 a4
47. bxa4 bxa4 48. Nb6 a3 49. Nc8 Rc7 50. Rd6+ Kc3 51. Nb6 Kc2 52. h5 Kb1 53. g6
Kxa2 54. Rd7 Rc3+ 55. Kg4 hxg6 56. hxg6 Rc6 57. g7 Rg6+ 58. Kf5 Rg3 59. Nc4 Kb1
60. Nxa3+ Bxa3 61. Rb7+ Kc2 62. Kf6 Bc1 63. Kf7 Rf3+ 64. Kg8 Bh6 65. Kh7 Bxg7
66. Kxg7 Kd3 67. Rb4 Rf4 68. Kg6 Rxe4 69. Rb3+ Kc4 70. Rb8 Rf4 71. Rd8 e4 72.
Kg5 Rf7 73. Kg4 e3 74. Kg3 e2 75. Re8 Kd3 76. Rd8+ Kc2 77. Rc8+ Kd1 78. Rd8+
Ke1 79. Ra8 Kf1 0-1

[Event "Ct. Lleida indiv. Absolut A"]
[Site "?"]
[Date "2011.11.27"]
[Round "8.13"]
[White "Rodriguez Moles, J."]
[Black "Biosca Lacasa, J."]
[Result "0-1"]
[WhiteElo "1669"]
[BlackElo "1957"]
[PlyCount "110"]
[EventDate "2011.??.??"]
[EventType "swiss"]

1. e4 d5 2. exd5 Qxd5 3. Nc3 Qa5 4. Bc4 Bf5 5. Nf3 Nf6 6. O-O e6 7. d4 c6 8.
Bg5 Be7 9. Re1 O-O 10. Qd2 Nbd7 11. Ne5 Rfe8 12. Nxd7 Nxd7 13. Bxe7 Rxe7 14.
Qg5 Qd8 15. Bb3 Nf6 16. Rad1 Rd7 17. Ne2 Qb6 18. c3 a5 19. Qc1 Rad8 20. Ng3 Bg6
21. Re5 Qc7 22. Qg5 h6 23. Qf4 b6 24. Rde1 Rd6 25. Qh4 Qa7 26. f4 c5 27. dxc5
bxc5 28. Kh1 a4 29. Bc4 Rd1 30. b3 a3 31. Nf1 Qc7 32. h3 Qc6 33. Qf2 Ne4 34.
Qe3 Rxe1 35. Qxe1 Nf6 36. Ng3 Nd5 37. f5 exf5 38. Qd2 Nf4 39. Qxd8+ Kh7 40. Qd2
Nxh3 41. Kh2 Ng5 42. Qe3 Qd6 43. Rd5 Qb8 44. Kg1 f4 45. Qxc5 fxg3 46. Qd6 Qa7+
47. Qc5 Qb8 48. Qe3 Be4 49. Rd4 f5 50. Bd3 Qe8 51. Qxg3 Qh5 52. Bxe4 Nxe4 53.
Qe3 Qh4 54. Kf1 h5 55. Qh3 Qf2# 0-1

[Event "Ct. Lleida indiv. Absolut A"]
[Site "?"]
[Date "2011.12.11"]
[Round "9.2"]
[White "Vallverdu Miret, O."]
[Black "Ramon Solans, A."]
[Result "0-1"]
[WhiteElo "2076"]
[BlackElo "2280"]
[PlyCount "95"]
[EventDate "2011.??.??"]
[EventType "swiss"]

1. e4 d5 2. exd5 Qxd5 3. Nc3 Qd8 4. d4 Nf6 5. Nf3 e6 6. Bc4 Be7 7. O-O O-O 8.
Bg5 Nbd7 9. Qe2 Nb6 10. Bd3 Nbd5 11. Ne4 h6 12. Nxf6+ Nxf6 13. Bxf6 Bxf6 14.
Qe4 g6 15. c3 Bg7 16. Rad1 Qd5 17. Qxd5 exd5 18. Rde1 Bf6 19. Re3 Rd8 20. Rfe1
Bd7 21. Ne5 Be8 22. f4 h5 23. f5 g5 24. Rh3 h4 25. Ng4 Kg7 26. Rhe3 Bd7 27. Kf2
Re8 28. Rxe8 Rxe8 29. Rxe8 Bxe8 30. Ne3 c6 31. g3 hxg3+ 32. hxg3 Bd8 33. Ng4 f6
34. Ne3 Bc7 35. Be2 Kf8 36. Bf3 Bd7 37. b4 Ke7 38. Be2 Kd6 39. Bf3 Bd8 40. Ke2
Bc8 41. g4 Bc7 42. Kd2 Kd7 43. Bg2 Bg3 44. Bf1 Kd6 45. Bd3 b6 46. Be2 Bb7 47.
Bd3 c5 48. Bc2 {irreproduible} 0-1

[Event "Ct. Lleida indiv. Absolut A"]
[Site "?"]
[Date "2011.12.11"]
[Round "9.3"]
[White "Trepat Herranz, J."]
[Black "Perez Cabas, J."]
[Result "1-0"]
[WhiteElo "2348"]
[BlackElo "1964"]
[PlyCount "131"]
[EventDate "2011.??.??"]
[EventType "swiss"]

1. c4 b6 2. d4 c5 3. d5 d6 4. Nc3 Nf6 5. e4 Nbd7 6. f4 g6 7. Nf3 Bg7 8. Bd3 O-O
9. O-O a6 10. Re1 e6 11. h3 exd5 12. cxd5 Bb7 13. a4 Re8 14. Bd2 Qc7 15. b3 Nh5
16. Rc1 Rf8 17. g4 Nhf6 18. Be3 Rae8 19. Bf2 h6 20. Bg3 Kh8 21. Kh2 Nh7 22. Qd2
Bc8 23. Re2 Re7 24. Rce1 Rfe8 25. Bc2 Qb8 26. Bd3 Qc7 27. Bc4 f6 28. Qd3 Qb8
29. e5 fxe5 30. Qxg6 Nhf8 31. Qd3 Bf6 32. f5 Bg7 33. Ne4 Nf6 34. Nxf6 Bxf6 35.
Nd2 Nh7 36. Ne4 Bg7 37. Bxa6 Bxa6 38. Qxa6 Nf6 39. Bh4 Rf7 40. Bxf6 Bxf6 41.
Qb5 Rc8 42. Qd3 Bg5 43. Nxg5 hxg5 44. Qd2 Rg8 45. Kg2 Qd8 46. Rh1 Rh7 47. Re3
Qe7 48. Re4 Qd7 49. Qd3 Rb8 50. Qe3 Qe7 51. b4 b5 52. bxc5 bxa4 53. Rd1 Rb2+
54. Kg1 Rb3 55. Rd3 Rxd3 56. Qxd3 dxc5 57. Rxa4 Qb7 58. Re4 Qb6 59. Rxe5 Ra7
60. Re8+ Kg7 61. Re1 Ra2 62. Qc3+ Kf7 63. Qe3 Ra7 64. Qe8+ Kg7 65. Qe5+ Kh7 66.
Qe6 1-0

[Event "Ct. Lleida indiv. Absolut A"]
[Site "?"]
[Date "2011.12.11"]
[Round "9.4"]
[White "Codina Garcia, J."]
[Black "Llavall Sans, D."]
[Result "0-1"]
[WhiteElo "2128"]
[BlackElo "2049"]
[PlyCount "162"]
[EventDate "2011.??.??"]
[EventType "swiss"]

1. c4 Nf6 2. Nc3 e5 3. g3 c6 4. d4 d6 5. Bg2 Nbd7 6. e4 Be7 7. Nge2 a6 8. O-O
O-O 9. h3 b5 10. cxb5 axb5 11. Be3 b4 12. Na4 Qa5 13. b3 c5 14. dxc5 dxc5 15.
Nb2 Ba6 16. Qc2 Nb6 17. Rfe1 Rac8 18. Bf1 Bb7 19. f3 Ne8 20. g4 Nd6 21. Ng3 g6
22. Nc4 Ndxc4 23. Bxc4 Bh4 24. Kh2 Rfd8 25. Rg1 Nxc4 26. bxc4 Qa3 27. Rae1 Rd3
28. Qe2 Qc3 29. Rg2 Ba6 30. Bd2 Qxc4 31. Rc1 Bxg3+ 32. Kxg3 Qxa2 33. Qe1 Qb3
34. Rf2 Bb7 35. Rb1 Qc4 36. Rc1 Qd4 37. Re2 b3 38. Bc3 Qd6 39. Re3 Ba6 40. Rb1
Rb8 41. Qc1 Rxe3 42. Qxe3 Qd3 43. Qe1 f6 44. Rb2 Qc4 45. Qd2 Qd3 46. Qe1 Qc4
47. Qd2 Qe6 48. Qe3 Rc8 49. Qd2 Bc4 50. Qe3 g5 51. Rd2 Qb6 52. h4 h6 53. Qg1
Qe6 54. Qe3 Qe7 55. hxg5 fxg5 56. Rh2 Kh7 57. Rd2 Ra8 58. Bb2 Bf7 59. Qc3 Re8
60. Rh2 c4 61. Bc1 Rd8 62. Bd2 Re8 63. Bc1 Rb8 64. Bb2 Rc8 65. Rd2 Kg6 66. Rh2
Qf6 67. Bc1 Rd8 68. Rd2 Rxd2 69. Bxd2 Qd6 70. Kf2 Qd4+ 71. Kf1 Qxc3 72. Bxc3
Kf6 73. Ke2 h5 74. gxh5 Bxh5 75. Kf2 Ke6 76. Ke3 Kd6 77. Kf2 Kc5 78. Ke3 Kb5
79. Bxe5 Kb4 80. Kd2 Bxf3 81. Bf6 Bxe4 0-1

[Event "Ct. Lleida indiv. Absolut A"]
[Site "?"]
[Date "2011.12.11"]
[Round "9.5"]
[White "Gutierrez Martos, FE."]
[Black "Palacios Exposito, P."]
[Result "1-0"]
[WhiteElo "2072"]
[BlackElo "1876"]
[PlyCount "27"]
[EventDate "2011.??.??"]
[EventType "swiss"]

1. c4 Nf6 2. g3 e6 3. Bg2 c6 4. Nf3 d5 5. b3 Nbd7 6. d3 e5 7. O-O Bd6 8. Bb2
O-O 9. cxd5 cxd5 10. Nc3 Qa5 11. Nd2 Nb6 12. a3 Be6 13. b4 Qa6 14. b5 1-0

[Event "Ct. Lleida indiv. Absolut A"]
[Site "?"]
[Date "2011.12.11"]
[Round "9.6"]
[White "Parramon Guillaumet, J."]
[Black "Ortiz Navarro, MA."]
[Result "1/2-1/2"]
[WhiteElo "1905"]
[BlackElo "2007"]
[PlyCount "129"]
[EventDate "2011.??.??"]
[EventType "swiss"]

1. c4 e6 2. Nc3 d5 3. cxd5 exd5 4. Nf3 c5 5. d4 Nc6 6. g3 Nf6 7. Bg2 Be7 8. O-O
O-O 9. h3 a6 10. Be3 c4 11. Ne5 Be6 12. Kh2 Qa5 13. a3 Nxe5 14. dxe5 Ne4 15.
Nxe4 dxe4 16. Bxe4 Qxe5 17. Qc2 Qh5 18. Bg2 b5 19. Bd4 Rad8 20. Rad1 Rfe8 21.
e4 Bf6 22. Qc3 Rxd4 23. Rxd4 Qc5 24. Rfd1 Bxd4 25. Rxd4 Qc8 26. f4 g6 27. Qd2
Qc7 28. Rd6 Rc8 29. g4 c3 30. bxc3 Qxc3 31. Qxc3 Rxc3 32. Rxa6 Bc4 33. e5 Rc2
34. Kg3 Ra2 35. Bc6 b4 36. Ra8+ Kg7 37. axb4 Rb2 38. b5 Bxb5 39. Rb8 Rb3+ 40.
Kh4 Bc4 41. Rxb3 Bxb3 42. f5 Bc2 43. Bd7 h6 44. f6+ Kf8 45. e6 fxe6 46. Bxe6
Bd3 47. Kg3 g5 48. h4 gxh4+ 49. Kxh4 Bg6 50. Kg3 Bc2 51. Kf4 Bd1 52. Kf5 Bc2+
53. Ke5 Bd1 54. Kd6 Ba4 55. Ke5 Bc2 56. Bd5 Bg6 57. Be4 Be8 58. Bf5 Bf7 59. Be6
Bg6 60. Kf4 Bc2 61. Kg3 Bg6 62. Kh4 Be8 63. Kg3 Bg6 64. Kf4 Bc2 65. Bf5 1/2-1/2

[Event "Ct. Lleida indiv. Absolut A"]
[Site "?"]
[Date "2011.12.11"]
[Round "9.8"]
[White "Villa Gimenez, C."]
[Black "Monfa Sole, R."]
[Result "1-0"]
[WhiteElo "2027"]
[BlackElo "2040"]
[PlyCount "51"]
[EventDate "2011.??.??"]
[EventType "swiss"]

1. Nf3 Na6 2. e4 d6 3. d4 c6 4. Bxa6 Qa5+ 5. Nbd2 Qxa6 6. c4 g6 7. O-O Bg7 8.
h3 c5 9. d5 b5 10. cxb5 Qxb5 11. a4 Qb4 12. Re1 Nf6 13. e5 Nxd5 14. exd6 e6 15.
Ne5 Bxe5 16. Rxe5 Qd4 17. Re4 Qd3 18. Rc4 Bb7 19. Ra3 Qf5 20. Rf3 Qe5 21. d7+
Ke7 22. Rxc5 f5 23. Nc4 Qe4 24. Na5 Nb6 25. Bg5+ Kf7 26. Rc7 1-0

[Event "Ct. Lleida indiv. Absolut A"]
[Site "?"]
[Date "2011.12.11"]
[Round "9.9"]
[White "Alba Tarradelles, J."]
[Black "Pera Lucas, E."]
[Result "1-0"]
[WhiteElo "1888"]
[BlackElo "1983"]
[PlyCount "69"]
[EventDate "2011.??.??"]
[EventType "swiss"]

1. d4 d5 2. c4 c6 3. Nf3 Nf6 4. Nc3 e6 5. Bg5 dxc4 6. e4 b5 7. e5 h6 8. Bh4 g5
9. Nxg5 Nd5 10. Nxd5 exd5 11. Nf3 Qa5+ 12. Nd2 c5 13. Qf3 Be6 14. Be2 Nc6 15.
Qf6 Rh7 16. Bh5 Kd7 17. dxc5 Bg7 18. Qf4 Bxe5 19. Qe3 Bxb2 20. Rd1 Bd4 21. Qf4
Bxc5 22. O-O Bd6 23. Qe3 Qb6 24. Qf3 Rg8 25. Rfe1 Ne5 26. Qf6 Ng4 27. Bxg4 Rxg4
28. Ne4 Rxe4 29. Rxe4 dxe4 30. Qe7+ Kc8 31. Rxd6 Qc7 32. Qe8+ Kb7 33. Qxb5+ Kc8
34. Rc6 f5 35. Rxc7+ 1-0

[Event "Ct. Lleida indiv. Absolut A"]
[Site "?"]
[Date "2011.12.11"]
[Round "9.10"]
[White "Palau Cabases, A."]
[Black "Reves Areste, J."]
[Result "1-0"]
[WhiteElo "1899"]
[BlackElo "1916"]
[PlyCount "27"]
[EventDate "2011.??.??"]
[EventType "swiss"]

1. e4 d5 2. exd5 Qxd5 3. Nc3 Qd6 4. d4 c6 5. Bc4 e6 6. Nf3 Nf6 7. Bg5 Be7 8.
Ne5 O-O 9. O-O b6 10. Re1 Bb7 11. Qe2 Qd8 12. Nxf7 Rxf7 13. Qxe6 Kh8 14. Qxf7
1-0

[Event "Ct. Lleida indiv. Absolut A"]
[Site "?"]
[Date "2011.12.11"]
[Round "9.11"]
[White "Rodon Balcells, J."]
[Black "Sanuy Moncasi, A."]
[Result "1/2-1/2"]
[WhiteElo "1879"]
[BlackElo "1978"]
[PlyCount "78"]
[EventDate "2011.??.??"]
[EventType "swiss"]

1. e4 e5 2. Nf3 Nc6 3. Bb5 f5 4. Bxc6 dxc6 5. Nxe5 Qd4 6. Nf3 Qxe4+ 7. Qe2
Qxe2+ 8. Kxe2 Nf6 9. Re1 Bd6 10. Kf1+ Kf7 11. d3 Bd7 12. Nc3 h6 13. Bd2 g5 14.
Kg1 Rhe8 15. h4 g4 16. Nd4 h5 17. g3 a6 18. Nde2 Re7 19. Nf4 Rae8 20. Kf1 b5
21. a3 c5 22. Rxe7+ Rxe7 23. a4 b4 24. Ncd5 Nxd5 25. Nxd5 Re8 26. Bf4 Be6 27.
Nxc7 Bxc7 28. Bxc7 c4 29. d4 Bd5 30. Be5 Be4 31. c3 b3 32. Ke2 Ke6 33. Ke3 Kf7
34. Kf4 Kg6 35. a5 Bc6 36. Re1 Be4 37. Bd6 Rd8 38. Bc7 Rd7 39. Bb6 Kf6 1/2-1/2

[Event "Ct. Lleida indiv. Absolut A"]
[Site "?"]
[Date "2011.12.11"]
[Round "9.12"]
[White "Degracia Burgues, JA."]
[Black "Biosca Lacasa, J."]
[Result "0-1"]
[WhiteElo "1915"]
[BlackElo "1957"]
[PlyCount "122"]
[EventDate "2011.??.??"]
[EventType "swiss"]

1. e4 d5 2. exd5 Qxd5 3. Nf3 Bf5 4. c4 Qa5 5. Nc3 Nf6 6. d4 c6 7. Bf4 e6 8. Bd3
Bb4 9. Bxf5 Qxf5 10. Bd2 Qd3 11. Qb3 Bxc3 12. Qxc3 Qxc3 13. Bxc3 O-O 14. O-O
Nbd7 15. Rfe1 Rfd8 16. Re2 Nf8 17. Rae1 Ng6 18. g3 h6 19. Nd2 Rd7 20. Ne4 Nxe4
21. Rxe4 Rad8 22. h4 Ne7 23. Kg2 Nf5 24. b3 Nxd4 25. g4 c5 26. f4 Nc2 27. R1e2
Nb4 28. Bxb4 cxb4 29. c5 a5 30. Kf2 Rd3 31. h5 Rc3 32. g5 Rxc5 33. g6 Rxh5 34.
gxf7+ Kxf7 35. Rxe6 Rh2+ 36. Kf3 Rxe2 37. Rxe2 Rd6 38. Re5 b6 39. Ke3 Rc6 40.
Kd3 g6 41. Re2 Kf6 42. Rh2 h5 43. Ke4 Rc5 44. Rd2 Rc6 45. Rg2 h4 46. Rh2 g5 47.
fxg5+ Kxg5 48. Rg2+ Kh5 49. Rd2 h3 50. Kf3 Rc3+ 51. Kf4 Kh4 52. Rd6 Rc5 53. Rd2
Rc8 54. Rd7 Rf8+ 55. Ke3 h2 56. Rh7+ Kg3 57. Rg7+ Kh3 58. Rh7+ Kg2 59. Rg7+ Kf1
60. Rh7 Rf2 61. Rh3 Rxa2 0-1

[Event "Ct. Lleida indiv. Absolut B"]
[Site "?"]
[Date "2011.10.12"]
[Round "2.1"]
[White "Llovera Pujol, R."]
[Black "Cardona Marin, W."]
[Result "0-1"]
[WhiteElo "1526"]
[BlackElo "1876"]
[PlyCount "36"]
[EventDate "2011.??.??"]
[EventType "swiss"]

1. d4 d5 2. Nf3 c6 3. e3 Nf6 4. Nbd2 Bf5 5. a3 Nbd7 6. b4 e6 7. Bb2 Be7 8. c4
a5 9. c5 b5 10. Ne5 Qc7 11. Be2 h6 12. O-O Ne4 13. Ndf3 Bf6 14. Nxd7 Qxd7 15.
Nh4 a4 16. Bh5 Kd8 17. Bg4 Kc7 18. Bxf5 exf5 {irreproduible} 0-1

[Event "Ct. Lleida indiv. Absolut B"]
[Site "?"]
[Date "2011.10.12"]
[Round "2.2"]
[White "Sole Monistrol, F."]
[Black "Anaya Ibars, G."]
[Result "0-1"]
[WhiteElo "1863"]
[BlackElo "1463"]
[PlyCount "58"]
[EventDate "2011.??.??"]
[EventType "swiss"]

1. d4 f5 2. g3 Nf6 3. Bg2 e6 4. Nh3 c6 5. O-O Be7 6. c3 O-O 7. Nd2 c5 8. e4
fxe4 9. Nxe4 Nxe4 10. Bxe4 d5 11. Bg2 Nc6 12. Be3 cxd4 13. cxd4 Bf6 14. a3 Qb6
15. Qd2 Bxd4 16. Rad1 Bxe3 17. fxe3 Bd7 18. Kh1 Na5 19. e4 Nc4 20. Qe2 Rxf1+
21. Rxf1 Ne3 22. Rf2 Rc8 23. Qf3 h6 24. Qf7+ Kh8 25. Qxd7 Rc1+ 26. Ng1 Ng4 27.
Rf8+ Kh7 28. Bf1 Qxb2 29. Be2 Qxe2 0-1

[Event "Ct. Lleida indiv. Absolut B"]
[Site "?"]
[Date "2011.10.12"]
[Round "2.5"]
[White "Borras Burgues, J."]
[Black "Fortuny Profitos, J."]
[Result "0-1"]
[WhiteElo "1411"]
[BlackElo "1740"]
[PlyCount "74"]
[EventDate "2011.??.??"]
[EventType "swiss"]

1. e4 e5 2. Ne2 Nf6 3. Ng3 Bc5 4. d3 d5 5. Bg5 h6 6. Bxf6 Qxf6 7. Qf3 Qxf3 8.
gxf3 dxe4 9. fxe4 Nc6 10. Nd2 Nb4 11. Ke2 Nxc2 12. Nb3 Nxa1 13. Nxc5 Nc2 14.
Bg2 b6 15. Rc1 Nd4+ 16. Ke3 bxc5 17. Rxc5 Ne6 18. Rxe5 O-O 19. Bh3 Rb8 20. b3
a6 21. Nf5 Rb5 22. Ne7+ Kh8 23. Nd5 c6 24. a4 Ra5 25. b4 Rxa4 26. Nb6 Rxb4 27.
Nxc8 Rxc8 28. Bxe6 fxe6 29. Rxe6 a5 30. h4 a4 31. Rg6 Rb1 32. f4 a3 33. Rg2 Rb2
34. Rg1 Ra8 35. f5 a2 36. f6 gxf6 37. Rg6 a1=Q 0-1

[Event "Ct. Lleida indiv. Absolut B"]
[Site "?"]
[Date "2011.10.16"]
[Round "3.1"]
[White "Cardona Marin, W."]
[Black "Ros Monfa, N."]
[Result "1/2-1/2"]
[WhiteElo "1876"]
[BlackElo "1543"]
[PlyCount "93"]
[EventDate "2011.??.??"]
[EventType "swiss"]

1. e4 c5 2. c3 e6 3. Nf3 d5 4. e5 Nc6 5. d4 h6 6. Bd3 a6 7. a4 c4 8. Bc2 Nge7
9. b3 cxb3 10. Bxb3 Na5 11. Bc2 Nec6 12. Nbd2 Qc7 13. Qe2 Bd7 14. O-O Rc8 15.
Bd3 Be7 16. Ba3 O-O 17. Rfc1 Bxa3 18. Rxa3 Qb6 19. Rb1 Qa7 20. Nb3 Nxb3 21.
Raxb3 Na5 22. Ra3 Rc7 23. Bc2 Rfc8 24. Qd3 g6 25. Nh4 Be8 26. Rb4 Nc6 27. Rb1
Nxd4 28. Qe3 Rxc3 29. Rxc3 Rxc3 30. Bd3 Qc5 31. Rxb7 Rc1+ 32. Bf1 Qc4 33. h3
Rxf1+ 34. Kh2 Nf5 35. Nxf5 exf5 36. Rb8 Qc6 37. Rb6 Qc1 38. Qf3 Qc5 39. Rb8 Kf8
40. Qf4 Qc1 41. Qb4+ Kg7 42. Rxe8 Rh1+ 43. Kg3 Qg5+ 44. Kf3 Qh5+ 45. Kg3 Qg5+
46. Kf3 Qh5+ 47. Kg3 1/2-1/2